<?xml version="1.0" encoding="UTF-8"?>
<collection xmlns="http://www.loc.gov/MARC21/slim">
 <record>
  <leader>     na                 </leader>
  <controlfield tag="001">INLIS000000000020782</controlfield>
  <controlfield tag="005">20231024123724</controlfield>
  <datafield tag="035" ind1=" " ind2=" ">
   <subfield code="a">0010-1023000156</subfield>
  </datafield>
  <datafield tag="245" ind1="1" ind2=" ">
   <subfield code="a">Active Learning :</subfield>
   <subfield code="b">101 Cara Belajar Siswa Aktif /</subfield>
   <subfield code="c">Melvin L. Silberman</subfield>
  </datafield>
  <datafield tag="100" ind1="0" ind2=" ">
   <subfield code="a">Melvin L. Silberman</subfield>
  </datafield>
  <datafield tag="250" ind1=" " ind2=" ">
   <subfield code="a">cet. 15</subfield>
  </datafield>
  <datafield tag="300" ind1=" " ind2=" ">
   <subfield code="a">304 hlm :</subfield>
   <subfield code="b">ilus. ;</subfield>
   <subfield code="c">23 cm x 15 cm</subfield>
  </datafield>
  <datafield tag="260" ind1=" " ind2=" ">
   <subfield code="a">Bandung :</subfield>
   <subfield code="b">Nuansa Cendekia,</subfield>
   <subfield code="c">2019</subfield>
  </datafield>
  <datafield tag="082" ind1=" " ind2=" ">
   <subfield code="a">371</subfield>
  </datafield>
  <datafield tag="084" ind1=" " ind2=" ">
   <subfield code="a">371.3 MEL a</subfield>
  </datafield>
  <datafield tag="990" ind1=" " ind2=" ">
   <subfield code="a">44552</subfield>
  </datafield>
  <datafield tag="990" ind1=" " ind2=" ">
   <subfield code="a">44551</subfield>
  </datafield>
 </record>
</collection>
